00680nam a22002057a 450000500170000001000150001702000270003203500130005903700130007208200080008510000160009324500570010926000400016627000590020630000280026550000190029394200220031299900170033495201230035120141013113501.0 aENG-110945 a9788178441436c1295.00 aEN-94477 bDBAD/PUB a609 aHegde, P.D. aA brief history of great inventions /cby P.D. Hegde aNew DelhibK. K. Publicationsc2014 a4806/24, Bharat Ram Road, DaryaganjbNew Delhie110002 a440p. :c24cm(Hb)bill. aIncludes index 2ddccENmHEGh609 c88970d88970 001040718NFICaDBADbDBADd2014-09-25eDBAD/PUBg1295.00l0o609 HEGpEN-94477r2014-09-25 00:00:00t1v1295.00yEN